Miasta partnerskie Mielca - Statystyki

Ogólne statystyki
  • Ten quiz został rozwiązany 13 razy
  • Średni wynik to 3 z 8
Statystyki odpowiedzi
Kraj Miasto % Poprawnych
Ukraina Mukaczewo
75%
Francja Douchy-les-Mines
50%
Niemcy Löhne
50%
Francja Morlaix
50%
Francja Saint-Martin-des-Champs
25%
Węgry Tiszaföldvár
25%
Portugalia Vila Nova de Poiares
25%
Francja Saint-Thégonnec
0%
Nie znaleziono quizów pasujących do podanych kryteriów
Rozkład punktacji
Procent ludzi z każdym wynikiem
Percentyl według liczby udzielonych odpowiedzi
Twoja historia wyników
Nie rozwiązałeś tego quizu